Представление документа в формате MARC21

Поле Инд. ПП Название Значение
Тип записи a
Библиографический уровень b
001 Контрольный номер RU/IS/BASE/104606950
005 Дата корректировки 20200522190757.5
084 a Индекс другой классификации/Индекс ББК 85.147(2)л61; 85.143(2)55
100 1_ a Автор Леонидов В.
245 10 a Заглавие Суриковский вернисаж
520 0_ a Аннотация Работы В.И. Сурикова из частных и негосударственных коллекций в Российском фонде культуры
600 14 a Персоналии Суриков Василий Иванович
650 04 a Основная рубрика живопись
a Основная рубрика изобразительное искусство
a Основная рубрика искусство
a Основная рубрика история изобразительного искусства
653 0_ a Ключевые слова XIX век
a Ключевые слова вернисаж
a Ключевые слова выставки
a Ключевые слова жанровая живопись
a Ключевые слова портретная живопись
a Ключевые слова Россия
773 18 t Заглавие источника Наше наследие
d Дата издания источника 1998
g Прочая информация № 47. - С. 12 - 13 : ил.
w Контрольный № источника RU/IS/BASE/142600231
901 t Тип документа b